Shades of Resilience (Record no. 196076)

MARC details
000 -LEADER
fixed length control field 00649cam a2200217 a 4500
005 - DATE AND TIME OF LATEST TRANSACTION
control field 20230605164146.0
008 - FIXED-LENGTH DATA ELEMENTS--GENERAL INFORMATION
fixed length control field 940308s1993 enkab b 001 0 eng
010 ## - LCCN (DPL NO)
LC control number ENG-137002
020 ## - INTERNATIONAL STANDARD BOOK NUMBER
Terms of availability 250.00
International Standard Book Number 9789393734013
035 ## - SYSTEM CONTROL NUMBER
System control number EN-120534
037 ## - SOURCE OF ACQUISITION
Source of stock number/acquisition DBAD/PUB
040 ## - CATALOGING SOURCE
Original cataloging agency dpl
Language of cataloging Eng
082 ## - DEWEY DECIMAL CLASSIFICATION NUMBER
Classification number 881
245 10 - TITLE STATEMENT
Title Shades of Resilience
Statement of responsibility, etc by Kum Kum Ray,
250 ## - EDITION STATEMENT
Edition statement First
260 ## - PUBLICATION, DISTRIBUTION, ETC. (IMPRINT)
Place of publication, distribution, etc Kolkata
Name of publisher, distributor, etc Exceller Books A Global Press
Date of publication, distribution, etc 2022
270 ## - ADDRESS
Address G-1,Dream Apartment, Degree College Road, Belgharia
City Kolkata
Postal code 700056
300 ## - PHYSICAL DESCRIPTION
Extent 61,;
Dimensions 21cm,( Pbk )
700 ## - ADDED ENTRY--PERSONAL NAME
9 (RLIN) 23269
Personal name Ray, Kum Kum
942 ## - ADDED ENTRY ELEMENTS (KOHA)
Source of classification or shelving scheme Dewey Decimal Classification
Item type English Books
Call number suffix RAY
Classification part 881
Holdings
Withdrawn status Lost status Source of classification or shelving scheme Damaged status Not for loan Home library Current library Date acquired Source of acquisition Cost, normal purchase price Total Checkouts Full call number Barcode Date last seen Copy number Cost, replacement price Koha item type
    Dewey Decimal Classification     Bawana Bawana 24/05/2023 DBAD/PUB 250.00   881 RAY EN-120534 24/05/2023 1 250.00 English Books

© Delhi Public Library
Hit Counter
free hit counter